ARRUPE JESUIT UNIVERSITY

CORONAVIRUS -STOP THE SPREAD - CLEAN,DISINFECT,COVER

The multicultural states of East Africa, (Record no. 131389)

MARC details
000 -LEADER
fixed length control field 01109cam a2200301 4500
001 - CONTROL NUMBER
control field 3625726
003 - CONTROL NUMBER IDENTIFIER
control field ARRUPE
005 - DATE AND TIME OF LATEST TRANSACTION
control field 20220510091617.0
008 - FIXED-LENGTH DATA ELEMENTS--GENERAL INFORMATION
fixed length control field 700318s1969 qucb b 001 0 eng
010 ## - LIBRARY OF CONGRESS CONTROL NUMBER
LC control number 74101260
015 ## - NATIONAL BIBLIOGRAPHY NUMBER
National bibliography number C70-596
020 ## - INTERNATIONAL STANDARD BOOK NUMBER
International Standard Book Number 0773500677
040 ## - CATALOGING SOURCE
Original cataloging agency DLC
Transcribing agency DLC
Modifying agency DLC
050 00 - LIBRARY OF CONGRESS CALL NUMBER
Classification number DT432
Item number .R5
082 00 - DEWEY DECIMAL CLASSIFICATION NUMBER
Classification number 301.29/676
300 ## - PHYSICAL DESCRIPTION
Other physical details map.
Dimensions 23 cm.
100 1# - MAIN ENTRY--PERSONAL NAME
Personal name Richards, Audrey I.
Fuller form of name (Audrey Isabel),
Dates associated with a name 1899-1984.
9 (RLIN) 38562
245 14 - TITLE STATEMENT
Title The multicultural states of East Africa,
Statement of responsibility, etc by Audrey I. Richards.
260 ## - PUBLICATION, DISTRIBUTION, ETC. (IMPRINT)
Place of publication, distribution, etc Montreal,
Name of publisher, distributor, etc Published for the Centre by McGill-Queen's University Press,
Date of publication, distribution, etc 1969.
300 ## - PHYSICAL DESCRIPTION
Extent xii, 123 p.
350 ## - PRICE (NR) (BK AM CF MU VM SE) [OBSOLETE]
Price 4.50
490 1# - SERIES STATEMENT
Series statement Centre for Developing-Area Studies, McGill University, Keith Callard lectures, series 3
504 ## - BIBLIOGRAPHY, ETC. NOTE
Bibliography, etc Bibliography: p. 112-117.
650 #0 - SUBJECT ADDED ENTRY--TOPICAL TERM
Topical term or geographic name as entry element Tribes
Geographic subdivision Africa, East.
9 (RLIN) 51508
651 #0 - SUBJECT ADDED ENTRY--GEOGRAPHIC NAME
Geographic name Africa, East
General subdivision Politics and government.
9 (RLIN) 10474
810 2# - SERIES ADDED ENTRY--CORPORATE NAME
Corporate name or jurisdiction name as entry element McGill University.
Subordinate unit Centre for Developing Area Studies.
Title of a work Keith Callard lectures,
Volume/sequential designation series 3
9 (RLIN) 51509
906 ## - LOCAL DATA ELEMENT F, LDF (RLIN)
a 7
b cbc
c orignew
d u
e ncip
f 19
g y-gencatlg
942 ## - ADDED ENTRY ELEMENTS (KOHA)
Source of classification or shelving scheme Library of Congress Classification
Koha item type Monograph ( Printed materials)
Holdings
Withdrawn status Lost status Source of classification or shelving scheme Damaged status Not for loan Collection code Home library Current library Shelving location Date acquired Total Checkouts Full call number Barcode Date last seen Price effective from Koha item type
    Library of Congress Classification     Main Collection ARRUPE LIBRARY ARRUPE LIBRARY Main Collection 10/05/2022   DT432 .R5 46600008456 10/05/2022 10/05/2022 Monograph ( Printed materials)

 

Arrupe Library. PO Box MP320 Mt Pleasant, Harare, Zimbabwe
263 242 745411|librarian@aju.ac.zw